[Event "Medellin Flores op 30th"]
[Site "Medellin"]
[Date "2023.08.05"]
[Round "4"]
[White "Vallejo, Diego"]
[Black "Londono Zamora, Duberney"]
[Result "0-1"]
[WhiteElo "1745"]
[BlackElo "1513"]
[PlyCount "30"]
[EventDate "2023.08.03"]
[EventType "swiss"]
[EventRounds "9"]
[EventCountry "COL"]
[SourceTitle "EXT 2024"]
[Source "ChessBase"]
[SourceDate "2023.10.10"]
[SourceVersion "1"]
[SourceVersionDate "2023.10.10"]
[SourceQuality "1"]

1. e4 c5 2. Nf3 e6 3. d4 cxd4 4. Nxd4 a6 5. Bd3 Nf6 6. 0-0 Qc7 7. Qf3 Nc6 8. Nxc6 dxc6 9. Nc3 e5 10. Qg3 Be6 11. Ne2 Be7 12. Nd4 Qd6 13. Nf5 Bxf5 14. exf5 0-0 15. Bh6 Nh5 0-1

[Event "Sabaneta op-B 2nd"]
[Site "Sabaneta Antioquia"]
[Date "2023.07.02"]
[Round "6"]
[White "Alzate Velez, Valentin"]
[Black "Vallejo, Diego"]
[Result "0-1"]
[WhiteElo "1472"]
[BlackElo "1757"]
[PlyCount "50"]
[EventDate "2023.06.28"]
[EventType "swiss"]
[EventRounds "9"]
[EventCountry "COL"]
[SourceTitle "EXT 2024"]
[Source "ChessBase"]
[SourceDate "2023.10.10"]
[SourceVersion "1"]
[SourceVersionDate "2023.10.10"]
[SourceQuality "1"]

1. d4 d5 2. c4 e6 3. Nc3 c5 4. cxd5 cxd4 5. Qxd4 Nc6 6. Qd1 exd5 7. Qxd5 Bd7 8. Nf3 Nf6 9. Qd1 Bc5 10. Bg5 Qb6 11. e3 Qxb2 12. Bxf6 gxf6 13. Nd5 Nb4 14. Nc7+ Ke7 15. Rc1 Ba4 16. Qd2 Nc2+ 17. Ke2 Rad8 18. Nd4 Bxd4 19. Kf3 Bc3 20. Nd5+ Rxd5 21. Qxd5 Bc6 22. Qxc6 bxc6 23. Bc4 Ne1+ 24. Rhxe1 Bxe1 25. Rxe1 Qc3 0-1

[Event "Sabaneta op-B 2nd"]
[Site "Sabaneta Antioquia"]
[Date "2023.06.29"]
[Round "3"]
[White "Vallejo, Diego"]
[Black "Valencia Escobar, Dario"]
[Result "0-1"]
[WhiteElo "1757"]
[BlackElo "1854"]
[PlyCount "80"]
[EventDate "2023.06.28"]
[EventType "swiss"]
[EventRounds "9"]
[EventCountry "COL"]
[SourceTitle "EXT 2024"]
[Source "ChessBase"]
[SourceDate "2023.10.10"]
[SourceVersion "1"]
[SourceVersionDate "2023.10.10"]
[SourceQuality "1"]

1. e4 c5 2. Nf3 g6 3. d4 cxd4 4. Nxd4 Nc6 5. Nc3 Bg7 6. Be3 d6 7. Qd2 Bd7 8. h4 h5 9. f3 Nf6 10. 0-0-0 Rc8 11. Kb1 Qa5 12. Nb3 Qd8 13. g4 hxg4 14. f4 a5 15. Nd5 Nxd5 16. exd5 Nb4 17. Rc1 Rh5 18. Bg2 b6 19. a3 Na6 20. Rhe1 Nc5 21. Nd4 Bxd4 22. Bxd4 Kf8 23. Re2 Bf5 24. Rce1 Nb3 25. Qe3 Nxd4 26. Qxd4 Rc5 27. b4 axb4 28. axb4 Rc7 29. Kb2 b5 30. c3 f6 31. Bf1 Kg7 32. Qb6 Qc8 33. Qxb5 Rxh4 34. Qb6 g3 35. Qe3 Qa8 36. Qxg3 Rh8 37. Rh2 Rxh2+ 38. Qxh2 Qxd5 39. Bh3 Bxh3 40. Qxh3 Ra7 0-1

[Event "Medellin Aristizabal Cup"]
[Site "Medellin"]
[Date "2022.07.09"]
[Round "3"]
[White "Suaza Builes, Oscar A"]
[Black "Vallejo, Diego"]
[Result "0-1"]
[WhiteElo "1413"]
[BlackElo "1789"]
[PlyCount "76"]
[EventDate "2022.07.08"]
[EventType "swiss"]
[EventRounds "7"]
[EventCountry "COL"]
[SourceTitle "CBM 209 Extra"]
[Source "ChessBase"]
[SourceDate "2022.09.30"]
[SourceVersion "1"]
[SourceVersionDate "2022.09.30"]
[SourceQuality "1"]

1. d4 d5 2. Bf4 Nf6 3. e3 e6 4. Nd2 Bd6 5. Ngf3 0-0 6. Ne5 Qe7 7. Bd3 Nbd7 8. h4 Re8 9. g4 Nf8 10. g5 N6d7 11. Qh5 Bxe5 12. dxe5 c5 13. c4 b5 14. b3 bxc4 15. bxc4 Qd8 16. Bxh7+ Nxh7 17. g6 fxg6 18. Qxg6 Ndf8 19. Qg2 Bb7 20. Rb1 Qd7 21. Rg1 Rab8 22. Qg3 Ba6 23. Rd1 Re7 24. Rg2 Rb2 25. a3 Qb7 26. Rc1 dxc4 27. Rc3 Rxd2 28. e4 Rd3 29. Rxd3 cxd3 30. f3 Qb1+ 31. Kf2 Rb7 32. Bd2 c4 33. Rg1 Qc2 34. Ke3 c3 35. Rg2 cxd2 36. Rxd2 Qc1 37. Qf2 Rb2 38. f4 Rxd2 0-1

[Event "Medellin U2000 op"]
[Site "Medellin"]
[Date "2019.10.??"]
[Round "4.13"]
[White "Benjumea, David"]
[Black "Vallejo, Diego"]
[Result "0-1"]
[WhiteElo "1673"]
[BlackElo "1625"]
[PlyCount "73"]
[EventDate "2019.10.19"]
[EventType "swiss"]
[EventRounds "7"]
[EventCountry "COL"]
[SourceTitle "EXT 2024"]
[Source "ChessBase"]
[SourceDate "2023.10.10"]
[SourceVersion "1"]
[SourceVersionDate "2023.10.10"]
[SourceQuality "1"]

1. e4 e5 2. Nf3 Nc6 3. Bb5 Bc5 4. 0-0 Nge7 5. Nxe5 Nxe5 6. d4 c6 7. Bxc6 dxc6 8. dxc5 Qxd1 9. Rxd1 a5 10. Bf4 N7g6 11. Bxe5 Nxe5 12. Nc3 a4 13. b3 a3 14. Na4 Ke7 15. Rd4 Nd7 16. Rad1 Ra5 17. Nb6 Nxb6 18. cxb6 Rb5 19. Ra4 Rxb6 20. Rxa3 Ra6 21. Rxa6 bxa6 22. Kf1 Rd8 23. Rxd8 Kxd8 24. Ke2 g5 25. g3 g4 26. Ke3 Ke7 27. Kd4 Kd6 28. b4 f6 29. c3 Bb7 30. a3 Bc8 31. a4 Bd7 32. a5 Be8 33. Kc4 Bf7+ 34. Kd4 Be6 35. Ke3 Ke5 36. Kd3 Bf7 37. c4 0-1

[Event "Medellin IRT de Segunda Antioquia"]
[Site "Medellin"]
[Date "2019.05.26"]
[Round "6"]
[White "Lopez Gonzalez, Carlos Andres"]
[Black "Vallejo, Diego"]
[Result "1/2-1/2"]
[WhiteElo "1799"]
[BlackElo "1852"]
[PlyCount "82"]
[EventDate "2019.05.22"]
[EventType "swiss"]
[EventRounds "7"]
[EventCountry "COL"]
[SourceTitle "EXT 2024"]
[Source "ChessBase"]
[SourceDate "2023.10.10"]
[SourceVersion "1"]
[SourceVersionDate "2023.10.10"]
[SourceQuality "1"]

1. e4 e5 2. Nf3 Nc6 3. Bb5 a6 4. Ba4 Nf6 5. 0-0 b5 6. Bb3 Be7 7. Re1 0-0 8. c3 d5 9. exd5 Nxd5 10. Nxe5 Nxe5 11. Rxe5 Nf6 12. d4 Bd6 13. Re1 Ng4 14. h3 Nxf2 15. Qf3 Qh4 16. Bd2 Bxh3 17. gxh3 Nxh3+ 18. Kf1 g5 19. Re4 Nf4 20. Bxf4 Bxf4 21. Na3 Kh8 22. Re2 Rad8 23. Kg1 Qh2+ 24. Kf1 Qh4 25. Nc2 Rd6 26. Ne3 Rf6 27. Ng4 Rg6 28. Nf2 g4 29. Qxf4 Rf6 30. Qe4 Qh6 31. Ke1 Rf4 32. Qh1 Qg7 33. Nd3 Rf3 34. Ne5 Rh3 35. Qg1 h5 36. Nxf7+ Rxf7 37. Bxf7 Qxf7 38. Kd2 Rf3 39. Rae1 Qxa2 40. Re8+ Kg7 41. R1e7+ Kf6 1/2-1/2

[Event "Medellin IRT de Segunda Antioquia"]
[Site "Medellin"]
[Date "2019.05.25"]
[Round "4"]
[White "Romero Valencia, Miguel Angel"]
[Black "Vallejo, Diego"]
[Result "0-1"]
[WhiteElo "1633"]
[BlackElo "1852"]
[PlyCount "33"]
[EventDate "2019.05.22"]
[EventType "swiss"]
[EventRounds "7"]
[EventCountry "COL"]
[SourceTitle "EXT 2024"]
[Source "ChessBase"]
[SourceDate "2023.10.10"]
[SourceVersion "1"]
[SourceVersionDate "2023.10.10"]
[SourceQuality "1"]

1. d4 d5 2. c4 e6 3. Nc3 c5 4. cxd5 cxd4 5. dxe6 Bxe6 6. Ne4 Nf6 7. Nxf6+ Qxf6 8. Nf3 Nc6 9. g3 d3 10. exd3 Bb4+ 11. Bd2 0-0 12. Bxb4 Rfe8 13. Be2 Bg4 14. 0-0 Nxb4 15. Kg2 Rad8 16. Rc1 Nxd3 17. Bxd3 0-1

[Event "Medellin IRT de Segunda Antioquia"]
[Site "Medellin"]
[Date "2019.05.25"]
[Round "5.1"]
[White "Vallejo, Diego"]
[Black "Perez Lujan, Mateo"]
[Result "1/2-1/2"]
[WhiteElo "1852"]
[BlackElo "1926"]
[PlyCount "42"]
[EventDate "2019.05.22"]
[EventType "swiss"]
[EventRounds "7"]
[EventCountry "COL"]
[SourceTitle "EXT 2024"]
[Source "ChessBase"]
[SourceDate "2023.10.10"]
[SourceVersion "1"]
[SourceVersionDate "2023.10.10"]
[SourceQuality "1"]

1. e4 c5 2. Nf3 d6 3. d4 Nf6 4. Nc3 cxd4 5. Nxd4 g6 6. f4 Nc6 7. Nxc6 bxc6 8. e5 Nd7 9. exd6 exd6 10. Be3 Be7 11. Qf3 0-0 12. 0-0-0 d5 13. h4 Nf6 14. Be2 h5 15. Rh3 Qa5 16. f5 Bxf5 17. Rg3 Rab8 18. Qxf5 Rxb2 19. Rxg6+ fxg6 20. Qxg6+ Kh8 21. Qh6+ Kg8 1/2-1/2

[Event "Antioquia op-B"]
[Site "Medellin"]
[Date "2018.04.30"]
[Round "7"]
[White "Vallejo, Diego"]
[Black "Estrada, Walter"]
[Result "1-0"]
[WhiteElo "1838"]
[BlackElo "1960"]
[PlyCount "63"]
[EventDate "2018.04.25"]
[EventType "swiss"]
[EventRounds "7"]
[EventCountry "COL"]
[SourceTitle "CBM 184 Extra"]
[Source "ChessBase"]
[SourceDate "2018.06.28"]
[SourceVersion "1"]
[SourceVersionDate "2018.06.28"]
[SourceQuality "1"]

1. e4 e5 2. Nf3 Nc6 3. Bb5 a6 4. Ba4 Nf6 5. d4 exd4 6. 0-0 Be7 7. Re1 b5 8. Bb3 d6 9. Bd5 Nxd5 10. exd5 Ne5 11. Nxd4 0-0 12. Qe2 Bf6 13. Nc3 Bb7 14. Nf5 Re8 15. Bd2 Nc4 16. Qd3 Nxd2 17. Qxd2 Qd7 18. Ng3 Qg4 19. Re4 Bxc3 20. Rxe8+ Rxe8 21. bxc3 h5 22. Rd1 h4 23. h3 Qg6 24. Nf1 Re5 25. Ne3 Bc8 26. Kf1 f5 27. Qd4 Re4 28. Qd3 Qe8 29. Kg1 f4 30. Nf1 Qg6 31. f3 Bxh3 32. Rd2 1-0

[Event "Antioquia op-B"]
[Site "Medellin"]
[Date "2018.04.27"]
[Round "3"]
[White "Olarte Ospina, Manuel"]
[Black "Vallejo, Diego"]
[Result "0-1"]
[WhiteElo "1946"]
[BlackElo "1838"]
[PlyCount "82"]
[EventDate "2018.04.25"]
[EventType "swiss"]
[EventRounds "7"]
[EventCountry "COL"]
[SourceTitle "CBM 184 Extra"]
[Source "ChessBase"]
[SourceDate "2018.06.28"]
[SourceVersion "1"]
[SourceVersionDate "2018.06.28"]
[SourceQuality "1"]

1. Nf3 Nc6 2. b3 d5 3. Bb2 Nf6 4. e3 Bg4 5. Bb5 a6 6. Bxc6+ bxc6 7. h3 Bh5 8. d3 e6 9. Nbd2 Bd6 10. e4 Bb4 11. c3 Be7 12. Qc2 a5 13. c4 0-0 14. g4 Bg6 15. Ne5 Qe8 16. f4 Nd7 17. 0-0 f5 18. cxd5 cxd5 19. Rae1 fxe4 20. dxe4 c5 21. f5 Nxe5 22. Bxe5 Bf7 23. exd5 exd5 24. Bd6 Ra7 25. Qxc5 Bxd6 26. Qxa7 Qb5 27. Rc1 Ba3 28. Qd4 Bxc1 29. Rxc1 Re8 30. Nf3 Re4 31. Rc8+ Be8 32. Qc3 Qe2 33. Rc7 Qd1+ 34. Kg2 d4 35. Qc4+ Kh8 36. f6 gxf6 37. Qd5 Re2+ 38. Kg3 Qf1 39. g5 Qg2+ 40. Kf4 fxg5+ 41. Kf5 Qxh3+ 0-1

[Event "Medellin Aristizabal Cup"]
[Site "Medellin"]
[Date "2016.05.22"]
[Round "6"]
[White "Rosero Zapata, Luis Fernando"]
[Black "Vallejo, Diego"]
[Result "0-1"]
[WhiteElo "2010"]
[BlackElo "1866"]
[PlyCount "90"]
[EventDate "2016.05.18"]
[EventType "swiss"]
[EventRounds "7"]
[EventCountry "COL"]
[SourceTitle "CBM 172 Extra"]
[Source "ChessBase"]
[SourceDate "2016.06.21"]
[SourceVersion "1"]
[SourceVersionDate "2016.06.21"]
[SourceQuality "1"]

1. d4 Nf6 2. c4 e6 3. Nf3 d5 4. Nc3 Nbd7 5. Bg5 Bb4 6. e3 c5 7. cxd5 exd5 8. Bd3 Qa5 9. Qc2 c4 10. Bf5 Nc5 11. dxc5 Bxf5 12. Qxf5 Bxc3+ 13. bxc3 Qxc3+ 14. Ke2 Qb2+ 15. Nd2 Ne4 16. Rad1 c3 17. Qe5+ Kf8 18. Qxd5 Nxd2 19. Kd3 Rc8 20. c6 bxc6 21. Qc5+ Kg8 22. Qxc3 Qxc3+ 23. Kxc3 Ne4+ 24. Kc4 Nxg5 25. Rd7 a5 26. Rhd1 h5 27. Ra7 Rh6 28. f4 Ne4 29. Rdd7 h4 30. Kd4 Nd6 31. Kc5 Nb5 32. Rxa5 Nc3 33. Raa7 Rf6 34. a4 Nd5 35. Kd4 Re8 36. g3 Nxe3 37. a5 h3 38. Rab7 Ng4 39. a6 c5+ 40. Kxc5 Rxa6 41. Rxf7 Rg6 42. Rf5 Nxh2 43. Rb2 Ng4 44. Rh5 h2 45. Rb1 Rh6 0-1

[Event "COL-ch U2000"]
[Site "Medellin"]
[Date "2016.??.??"]
[Round "7.24"]
[White "Vallejo, Diego"]
[Black "Ruiz Agudelo, Santiago"]
[Result "0-1"]
[WhiteElo "1885"]
[BlackElo "1724"]
[PlyCount "62"]
[EventDate "2016.02.29"]
[EventType "swiss"]
[EventRounds "9"]
[EventCountry "COL"]
[SourceTitle "EXT 2024"]
[Source "ChessBase"]
[SourceDate "2023.10.10"]
[SourceVersion "1"]
[SourceVersionDate "2023.10.10"]
[SourceQuality "1"]

1. e4 c5 2. Nf3 d6 3. d4 cxd4 4. Nxd4 Nf6 5. Nc3 a6 6. Bc4 e6 7. Bb3 b5 8. f4 Be7 9. f5 e5 10. Nde2 h6 11. Ng3 Bb7 12. Nh5 0-0 13. Nxf6+ Bxf6 14. Qg4 Bg5 15. h4 Bxc1 16. Rxc1 Nd7 17. Qd1 Nf6 18. Nd5 Nxe4 19. g4 Nf6 20. Rh3 Nxd5 21. Bxd5 Bxd5 22. Qxd5 Qb6 23. Qg2 Rac8 24. g5 h5 25. Rd1 Rc4 26. c3 Rg4 27. Rg3 Rxh4 28. Kd2 b4 29. Kc2 bxc3 30. Rxc3 Rf4 31. Rf3 Qc6+ 0-1

[Event "Medellin Castro Memorial"]
[Site "Medellin"]
[Date "2015.05.01"]
[Round "2"]
[White "Vallejo, Diego"]
[Black "Benitez Rodriguez, Carlos"]
[Result "0-1"]
[WhiteElo "1923"]
[BlackElo "2168"]
[PlyCount "36"]
[EventDate "2015.04.30"]
[EventType "swiss"]
[EventRounds "7"]
[EventCountry "COL"]
[SourceTitle "CBM 166 Extra"]
[Source "ChessBase"]
[SourceDate "2015.06.18"]
[SourceVersion "1"]
[SourceVersionDate "2015.06.18"]
[SourceQuality "1"]

1. e4 c5 2. Nf3 e6 3. d4 cxd4 4. Nxd4 a6 5. Nc3 Qc7 6. Bd3 Nf6 7. 0-0 d6 8. f4 Be7 9. Qe2 Nbd7 10. a4 b6 11. f5 e5 12. Nf3 Bb7 13. Qf2 d5 14. Qe1 Bc5+ 15. Kh1 0-0 16. exd5 Rfe8 17. Qh4 e4 18. Bf4 Qd8 0-1

[Event "Medellin Segunda Categoria Antioquia"]
[Site "Medellin"]
[Date "2015.04.??"]
[Round "4.13"]
[White "Alvarado Torres, Carlos Andres"]
[Black "Vallejo, Diego"]
[Result "1-0"]
[WhiteElo "1600"]
[BlackElo "1950"]
[PlyCount "63"]
[EventDate "2015.04.14"]
[EventType "swiss"]
[EventRounds "7"]
[EventCountry "COL"]
[SourceTitle "EXT 2024"]
[Source "ChessBase"]
[SourceDate "2023.10.10"]
[SourceVersion "1"]
[SourceVersionDate "2023.10.10"]
[SourceQuality "1"]

1. d4 d5 2. e3 Nf6 3. c4 e6 4. Nf3 Be7 5. Be2 0-0 6. 0-0 b6 7. Nc3 dxc4 8. Bxc4 Bb7 9. Be2 Nbd7 10. a3 c5 11. dxc5 Nxc5 12. b4 Nce4 13. Nxe4 Nxe4 14. Bb2 Rc8 15. Rc1 Rxc1 16. Qxc1 Bf6 17. Bxf6 Qxf6 18. Qc7 Bd5 19. Rc1 Qb2 20. Qc2 Qxa3 21. b5 h6 22. Nd4 Bb7 23. Nc6 Nc5 24. Ne7+ Kh8 25. Rd1 Be4 26. Qc4 Qb2 27. h3 Bc2 28. Re1 Rd8 29. Qh4 Rd2 30. Qg3 Bd3 31. Qb8+ Kh7 32. Qg8# 1-0

[Event "Medellin Segunda Categoria Antioquia"]
[Site "Medellin"]
[Date "2015.04.??"]
[Round "1.5"]
[White "Vallejo, Diego"]
[Black "Gomez Rondon, Samuel"]
[Result "1-0"]
[WhiteElo "1950"]
[BlackElo "1628"]
[PlyCount "51"]
[EventDate "2015.04.14"]
[EventType "swiss"]
[EventRounds "7"]
[EventCountry "COL"]
[SourceTitle "EXT 2024"]
[Source "ChessBase"]
[SourceDate "2023.10.10"]
[SourceVersion "1"]
[SourceVersionDate "2023.10.10"]
[SourceQuality "1"]

1. e4 c5 2. Nf3 d6 3. d4 cxd4 4. Nxd4 Nf6 5. Nc3 g6 6. Be3 Bg7 7. Bc4 0-0 8. f3 Nc6 9. Qd2 Bd7 10. 0-0-0 Rc8 11. Bb3 Nxd4 12. Bxd4 b5 13. h4 a5 14. a4 b4 15. Nd5 Nxd5 16. Bxg7 Kxg7 17. exd5 Qe8 18. h5 Rh8 19. hxg6 fxg6 20. Rde1 Kg8 21. Qe3 Kf8 22. Rh4 Rd8 23. Rf4+ Kg8 24. Re4 Qf8 25. Rxe7 Bc8 26. Qb6 1-0

[Event "Medellin Segunda Categoria Antioquia"]
[Site "Medellin"]
[Date "2015.04.??"]
[Round "3.7"]
[White "Vallejo, Diego"]
[Black "Robledo, Andres Mauricio"]
[Result "0-1"]
[WhiteElo "1950"]
[BlackElo "1696"]
[PlyCount "78"]
[EventDate "2015.04.14"]
[EventType "swiss"]
[EventRounds "7"]
[EventCountry "COL"]
[SourceTitle "EXT 2024"]
[Source "ChessBase"]
[SourceDate "2023.10.10"]
[SourceVersion "1"]
[SourceVersionDate "2023.10.10"]
[SourceQuality "1"]

1. e4 Nf6 2. e5 Nd5 3. d4 d6 4. Nf3 g6 5. Ng5 c6 6. Qf3 f6 7. e6 Qa5+ 8. Bd2 Qb6 9. Nc3 fxg5 10. Qf7+ Kd8 11. 0-0-0 Nf4 12. d5 Nxd5 13. Nxd5 cxd5 14. Bc3 Bg7 15. Bxg7 Re8 16. h4 g4 17. h5 gxh5 18. Bd3 Na6 19. Bxh7 Nc7 20. Bf5 Qxf2 21. Kb1 Qxg2 22. Rxh5 Qe2 23. Rhh1 Bxe6 24. Qg6 Bxf5 25. Qxf5 Rc8 26. Rde1 Qc4 27. Rh2 d4 28. Rhe2 Nd5 29. Qxg4 e5 30. Qg6 Kc7 31. Rf2 Qb4 32. Ref1 Kb8 33. Bf8 Red8 34. Bh6 Nc3+ 35. Ka1 Na4 36. Bc1 Qc5 37. Qd3 d5 38. Qb3 Nb6 39. Rf7 Qxc2 0-1

[Event "COL-ch Amateur"]
[Site "Villavicencio"]
[Date "2015.02.19"]
[Round "4"]
[White "Bolivar, Jhon Jairo"]
[Black "Vallejo, Diego"]
[Result "1-0"]
[WhiteElo "1809"]
[BlackElo "1950"]
[PlyCount "67"]
[EventDate "2015.02.18"]
[EventType "swiss"]
[EventRounds "9"]
[EventCountry "COL"]
[SourceTitle "CBM 165 Extra"]
[Source "ChessBase"]
[SourceDate "2015.04.21"]
[SourceVersion "1"]
[SourceVersionDate "2015.04.21"]
[SourceQuality "1"]

1. Nf3 Nf6 2. b3 d5 3. Bb2 Nc6 4. e3 Bg4 5. h3 Bh5 6. Bb5 a6 7. Bxc6+ bxc6 8. g4 Bg6 9. Ne5 c5 10. d3 Nd7 11. Nd2 Nxe5 12. Bxe5 f6 13. Bb2 e5 14. Qe2 Bd6 15. 0-0-0 0-0 16. Rdg1 a5 17. a4 Rb8 18. h4 c4 19. dxc4 dxc4 20. Nxc4 Bb4 21. g5 fxg5 22. Rxg5 Be7 23. Rgg1 Bxh4 24. Nxe5 Bf6 25. f4 Rb4 26. Qh2 Be4 27. Rd1 Qe7 28. Rhg1 Qc5 29. Bd4 Qe7 30. Qd2 Rd8 31. Qc3 c5 32. Bxc5 Rc8 33. Bxe7 Rxc3 34. Rd8# 1-0

[Event "Antioquia op"]
[Site "Medellin"]
[Date "2014.04.03"]
[Round "1"]
[White "Piedrahita, Danilo"]
[Black "Vallejo, Diego"]
[Result "0-1"]
[WhiteElo "1593"]
[BlackElo "1973"]
[PlyCount "54"]
[EventDate "2014.04.03"]
[EventType "swiss"]
[EventRounds "7"]
[EventCountry "COL"]
[SourceTitle "CBM 159 Extra"]
[Source "ChessBase"]
[SourceDate "2014.04.24"]
[SourceVersion "1"]
[SourceVersionDate "2014.04.24"]
[SourceQuality "1"]

1. d4 d5 2. c4 e6 3. Nf3 Nf6 4. Bg5 Nbd7 5. e3 Bb4+ 6. Nc3 c5 7. a3 Bxc3+ 8. bxc3 Qa5 9. Qb3 Ne4 10. Rc1 cxd4 11. exd4 Nxg5 12. Nxg5 dxc4 13. Qxc4 Qxg5 14. Rc2 0-0 15. g3 e5 16. Bg2 Nb6 17. Qb5 Bf5 18. Rd2 exd4 19. f4 Qg6 20. cxd4 a6 21. Qb4 Rac8 22. Rb2 Nc4 23. Re2 Bd3 24. Re7 Qf6 25. d5 Rfe8 26. Rxe8+ Rxe8+ 27. Kf2 Qd4+ 0-1

[Event "Medellin IRT op"]
[Site "Medellin"]
[Date "2012.08.06"]
[Round "6"]
[White "Vallejo, Diego"]
[Black "Osorio, Alejandro"]
[Result "1-0"]
[WhiteElo "2083"]
[BlackElo "1893"]
[PlyCount "67"]
[EventDate "2012.08.03"]
[EventType "swiss"]
[EventRounds "9"]
[EventCountry "COL"]
[SourceTitle "CBM 149 Extra"]
[Source "ChessBase"]
[SourceDate "2012.08.24"]
[SourceVersion "1"]
[SourceVersionDate "2012.08.24"]
[SourceQuality "1"]

1. e4 c5 2. Nf3 Nc6 3. d4 cxd4 4. Nxd4 Nf6 5. Nc3 d6 6. Bc4 e6 7. 0-0 Be7 8. Bb3 0-0 9. f4 Nxd4 10. Qxd4 e5 11. Qd3 Be6 12. f5 Bxb3 13. axb3 a6 14. Bg5 Rc8 15. Rf3 Qb6+ 16. Kh1 Qd4 17. Qe2 Rfd8 18. Be3 Rxc3 19. Bxd4 Rxf3 20. Qxf3 exd4 21. Rd1 d5 22. e5 Ne4 23. c4 Bc5 24. cxd5 Ng5 25. Qg4 h6 26. h4 Nh7 27. f6 g6 28. Rc1 b6 29. h5 g5 30. b4 Bxb4 31. Qxd4 a5 32. d6 Nf8 33. Qxb6 Ne6 34. Qxd8+ 1-0

[Event "Medellin IRT op"]
[Site "Medellin"]
[Date "2012.08.05"]
[Round "4"]
[White "Botello, Gregory Paul"]
[Black "Vallejo, Diego"]
[Result "1-0"]
[WhiteElo "2014"]
[BlackElo "2083"]
[PlyCount "91"]
[EventDate "2012.08.03"]
[EventType "swiss"]
[EventRounds "9"]
[EventCountry "COL"]
[SourceTitle "CBM 149 Extra"]
[Source "ChessBase"]
[SourceDate "2012.08.24"]
[SourceVersion "1"]
[SourceVersionDate "2012.08.24"]
[SourceQuality "1"]

1. d4 d5 2. c4 e6 3. Nc3 Nf6 4. Bg5 Nbd7 5. Nf3 Bb4 6. Qb3 c5 7. a3 Qa5 8. Rc1 Bxc3+ 9. Qxc3 Qxc3+ 10. Rxc3 cxd4 11. Nxd4 Ne4 12. Nb5 d4 13. Rd3 0-0 14. Nc7 Rb8 15. Be7 e5 16. b4 Nb6 17. Bxf8 Kxf8 18. f3 Nc3 19. e3 Bf5 20. e4 Bg6 21. c5 Nba4 22. Rd2 f5 23. exf5 Bxf5 24. Nb5 Nb1 25. Bd3 Nxd2 26. Kxd2 Bxd3 27. Kxd3 Nb2+ 28. Kc2 Nc4 29. Re1 Ne3+ 30. Kd3 Nxg2 31. Rxe5 Nh4 32. Nxd4 Rd8 33. b5 Rxd4+ 34. Kxd4 Nxf3+ 35. Kd5 Nxe5 36. Kxe5 Ke7 37. a4 Kd7 38. h3 Ke7 39. c6 Kd8 40. cxb7 Kc7 41. Ke6 Kxb7 42. Kf7 Kb6 43. Kxg7 Ka5 44. Kxh7 Kxa4 45. Kg6 Kxb5 46. h4 1-0